| 000 | 00339nam a2200133Ia 4500 | ||
|---|---|---|---|
| 005 | 20260328101517.0 | ||
| 008 | 260328s9999||||xx |||||||||||||| ||und|| | ||
| 100 | _aGouhier, Pierre | ||
| 245 | 0 |
_aL'Abbaye aux Hommes : _b Saint Etienne de Caen / _cPierre Gouhier |
|
| 260 | _bCefag | ||
| 300 | _a47 p. | ||
| 650 | _aARQUITECTURA | ||
| 942 | _cBK | ||
| 999 |
_c9417 _d9417 |
||